| Tag |
First Indicator |
Second Indicator |
Subfields |
| LEADER |
00000cam a2200000Ia 4500 |
| 001 |
in00002601521 |
| 006 |
m d |
| 007 |
cr cn| |
| 008 |
100429s2010 ne a ob 001 0 eng d |
| 005 |
20260609193547.0 |
| 020 |
|
|
|a 9780240521640
|
| 020 |
|
|
|a 0240521641
|
| 035 |
|
|
|a (OCoLC)610001457
|
| 037 |
|
|
|a 167667:167906
|b Elsevier Science & Technology
|n http://www.sciencedirect.com
|
| 040 |
|
|
|a OPELS
|b eng
|c OPELS
|d UtOrBLW
|
| 049 |
|
|
|a TXAM
|
| 050 |
1 |
4 |
|a TR800
|b .E34 2010
|
| 082 |
0 |
4 |
|a 778.73
|2 22
|
| 100 |
1 |
|
|a Edge, Martin.
|
| 245 |
1 |
4 |
|a The underwater photographer /
|c Martin Edge ; edited by Judith Young.
|
| 250 |
|
|
|a 4th ed.
|
| 264 |
|
1 |
|a Amsterdam ;
|a Boston :
|b Focal,
|c 2010.
|
| 300 |
|
|
|a xx, 516 pages :
|b illustrations (chiefly color) ;
|c 25 cm.
|
| 336 |
|
|
|a text
|b txt
|2 rdacontent
|
| 337 |
|
|
|a computer
|b c
|2 rdamedia
|
| 338 |
|
|
|a online resource
|b cr
|2 rdacarrier
|
| 533 |
|
|
|a Electronic reproduction.
|b Amsterdam :
|c Elsevier Science & Technology,
|d 2010.
|n Mode of access: World Wide Web.
|n System requirements: Web browser.
|n Title from title screen (viewed on Apr. 28, 2010).
|n Access may be restricted to users at subscribing institutions.
|
| 520 |
|
|
|a The award-winning third edition of 'The Underwater Photographer' dragged the topic kicking and screaming in to the digital age and with the fully updated fourth edition highly respected photographer and tutor Martin Edge takes you deeper in to the world of Underwater Photography. Practical examples take you step-by-step through the basic techniques from photographing shipwrecks, divers, marine life and abstract images to taking photographs at night. Brand new chapters cover not only highly specialist Underwater Photography techniques such as low visibility/greenwater photography, but also the digital workflow needed to handle your images using the latest software such as Lightroom. Packed with breathtaking images and an easy to read style honed from over twenty years of diving photography courses, this book is sure to both educate and inspire underwater photographers of all skill levels. * Beautifully illustrated throughout with inspirational full colour underwater images - and the lowdown on how they were taken * Covers the highly respected philosophy of the 'Think & Consider' system * Full of practical tips on how to get the most from your equipment.
|
| 505 |
0 |
|
|a (From Previous Edition) Basic Refresher; The Underwater Digital Revolution; The Digital TC System (Think and Consider); Pulling it all Together.
|
| 504 |
|
|
|a Includes bibliographical references and index.
|
| 500 |
|
|
|a Previous edition: 2006.
|
| 500 |
|
|
|a Electronic resource.
|
| 650 |
|
0 |
|a Underwater photography.
|
| 650 |
|
0 |
|a Underwater photography
|x Technique.
|
| 655 |
|
7 |
|a Electronic books.
|2 local
|
| 776 |
1 |
|
|c Original
|z 9780240521640
|z 0240521641
|w (OCoLC)429598377
|
| 710 |
2 |
|
|a ScienceDirect (Online service)
|
| 856 |
4 |
0 |
|u http://proxy.library.tamu.edu/login?url=https://www.sciencedirect.com/science/book/9780240521640
|z Connect to the full text of this electronic book
|t 0
|
| 994 |
|
|
|a 92
|b TXA
|
| 999 |
|
|
|a MARS
|
| 999 |
f |
f |
|s 4fd61491-5ebb-3169-b577-20954e14b83a
|i fc800cf1-971d-3dc7-8de7-2c4e2c5ecb32
|t 0
|
| 952 |
f |
f |
|a Texas A&M University
|b College Station
|c Electronic Resources
|s www_evans
|d Available Online
|t 0
|e TR800 .E34 2010
|h Library of Congress classification
|
| 998 |
f |
f |
|a TR800 .E34 2010
|t 0
|l Available Online
|